00625nam a22001937a 450000500170000001000280001702000260004503500170007103500140008803700180010203700130012008200100013310000190014324500930016226000480025527000530030330000250035650000500038120170428151934.0 aB-519487-491 ENG-117985 a9781107610699c595.00 aB-519487-491 aEN-101517 adplbBSB/Ven. bDBAD/PUB a270.4 aSiddiqui, Mona aThe good Muslim :cby Mona Siddiquibreflections on classical islamic law and theology / aNew DelhibCambridge University Pressc2012 a4381/4, Ansari Road DaryaganjbNew Delhie110002 avii,231p.c20cm(pbk) aIncludes bibliographical references and index